000
00343cam a2200145ua 4500
041
_a
mal
_h
082
_a
894.812308
_b
GOY/VE
100
_a
Goethe, .
245
_a
Veruthavarude Dukhangal /
_c
Goethe.
_h
Textual Documents
260
_a
:
_b
Udaya publication ,
_c
1958.
300
_a
198 ; .
504
_a
942
_c
BK
999
_c
708
_d
708